00522cam a2200169 a 4500020001500000040000800015082002600023100002900049245006500078260003000143300003300173650002700206650002800233650004600261700001900307700002600326 a0256105669 cDLC00a658 LRW 1996 A045 Or.1 aHollander, Anita Sawyer.10aAccounting, information technology, and business solutions / aChicago :bIrwin,cc1996. axi, 544 p. :bill. ;c25 cm. 0aManagerial accounting. 0aInformation technology. 0aInformation storage and retrieval systems1 aDenna, Eric L.1 aCherrington, J. Owen.